00479nam a2200121 a 450000100100000000500170001000800410002704000250006810000270009324501660012026000500028630000210033600003237320200930065616.0110714s1926 dr 000 0 spa d aDO-SdBNPbspacBNPHU1 aRepública Dominicana10aMemoria correspondiente al año 1925 que al ciudadano presidente de la República presenta al Sr. P. A. Ricart secretario de Estado de Sanidad y Beneficiencia. aSanto Domingo :bImp. Listín Diario,c1926. a169 p. ;c30 cm.